000 00581cam a22001814a 4500
005 20250605163501.0
008 250528s ||||||||||||||||||||||||d
035 _a20254
040 _aGR-AtMCL
_bgre
_dGR-AtMCL
_eAACR2
245 1 _aΤαλαντώσεις - Κυματική - Ακουστική / Φυσική
260 _bΑθήνα,
_c1978
300 _a152
520 _aΓια τους μαθητές και τους υποψήφιους των Ανωτάτων Σχολών.
700 1 _aΞυνής Σοφοκλής
942 _cBK
999 _c5385
_d5385